| 000 | 00595nam a2200181Ia 4500 | ||
|---|---|---|---|
| 008 | 240729s9999 xx 000 0 und d | ||
| 022 | _a2748-5625 | ||
| 245 | 0 | _aWeizenbaum Journal of the Digital Society | |
| 260 | _aGermany | ||
| 260 | _bWeizenbaum Institute for the Networked Society | ||
| 650 | _a Industrial engineering. Management engineering | ||
| 650 | _a Information technology | ||
| 650 | _a Technology (General) | ||
| 650 | _aGeneral Works | Social Sciences | Technology | ||
| 856 | _uhttps://doaj.org/toc/715f0dbd54054f4aba86b1b90e6eb26b | ||
| 942 | _2ddc | ||
| 942 | _cDOAJEJ | ||
| 999 |
_c73467 _d73467 |
||
| 945 |
_a1 _bMadushi Gamage _c1 _dMadushi Gamage |
||